000 00388nam a22001697a 4500
005 20160622143657.0
008 160622b xxu||||| |||| 00| 0 eng d
020 _a0-07-049911-X
041 _aeng
082 _b9035
100 _aMohammed, Rafi A and others
_92511
245 _aInternet Marketing
260 _bTMH
_c2002
300 _a691
650 _aManagement
_9241
942 _cBK
999 _c3569
_d3568